| 000 | 00889nam a2200241 i 4500 | ||
|---|---|---|---|
| 001 | 125109 | ||
| 003 | ES-MaACL | ||
| 005 | 20240524110555.0 | ||
| 007 | t| | ||
| 008 | 070504s1931 sp ||||1| spa d | ||
| 080 | _a860-22"19" | ||
| 100 | 1 |
_aFernández del Villar, José. _949736 |
|
| 245 | 1 | 3 |
_aLa vieja rica _b: comedia en tres actos y en prosa / _cJosé Fernández del Villar ; dibujos de Gutiérrez Navas. |
| 260 |
_aMadrid : _bRivadeneyra, _c1931. |
||
| 300 |
_a92 p. ; _c17 cm. |
||
| 490 | 1 |
_aLa Farsa ; _v195 |
|
| 500 | _aEstrenada en el Teatro Alkázar, de Madrid, la noche del 14 de noviembre de 1930. | ||
| 500 | _aCubierta de este número: Carmen Sanz intérprete de Sofía en La vieja rica. | ||
| 700 | 1 |
_aGutiérrez Navas, Manuel, _d1890-1971 _961196 |
|
| 830 | 0 |
_aLa Farsa ; _v195 _9185863 |
|
| 852 |
_aES-MaACL _j2219-F-16 _bR.140680 |
||
| 999 |
_c125109 _d125109 |
||